LEADER 01349nam a2200289 4500 001 000000357051 003 CaOOAMICUS 005 20240319165813.0 008 240205s2012 sz 000 u ita r 020 $a978-3-643-90245-0 040 $aSeMil$bita 245 10$a«Tantum aurora est» :$bdonne e Concilio Vaticano 2. /$cMarinella Perroni, Alberto Melloni, Serena Noceti (Eds.) 264 1$aZürich :$bLIT,$c2012. 300 $a389 p. ;$c24 cm 490 1 $aChristianity and history ;$v12 650 4$aConcilio Vaticano II <1962-1965> - Partecipazione [delle] donne.$0(OLS)http://semarc/subject/55256 700 1 $aNoceti, Serena,$d<1966- >.$0(OLS)http://semarc/name/14545 700 1 $aPerroni, Marinella,$d<1947- >.$0(OLS)http://semarc/name/89234 700 1 $aMelloni, Alberto,$d<1959- >.$0(OLS)http://semarc/name/1370 830 0$aChristianity and history ;$v12.$0(OLS)http://semarc/title/229699 850 $aSeMil 852 $aSeMil$W1$xVenegono$y1$m3A IV 267$j246993$B248233$CSeMilBibl$Z2$F248233 $81 961 $aCitrini don Tullio - Omaggio 996 $6020$a978-3-643-90245-0$9(OLS)http://semarc/number/299752 996 $6245$a«Tantum aurora est» :$bdonne e Concilio Vaticano 2.$9(OLS)http://semarc/title/447292 996 $6264$aZürich :$bLIT$9(OLS)http://semarc/publisher/59553 LEADER 00867nam a2200205 i 4500 001 000000187581 003 CaOOAMICUS 005 20100319000000.0 008 100319s1908 it u000 u ita u 013 $a165673 040 $aSeMil$bita 100 1 $aCavallanti, Alessandro,$d<1879-1917>.$0(OLS)http://semarc/name/49997 245 12$aI veicoli del modernismo in Italia :$bgiornali e riviste /$cS. A. Cavallanti. 260 $aSiena :$bTip. Pontif. S. Bernardino,$c1908. 300 $aXI, 334 p. ;$c19 cm. 650 4$aModernismo.$0(OLS)http://semarc/subject/674 850 $aSeMil 852 $aSeMil$W1$xVenegono$y1$m2X III 110$j138268$B138268$CSeMilBibl$Z2$F149715 $81 996 $6245$aI veicoli del modernismo in Italia :$bgiornali e riviste$9(OLS)http://semarc/title/269885 996 $6260$aSiena :$bTip. Pontif. S. Bernardino$9(OLS)http://semarc/publisher/50021